000 00471nam a2200181Ia 4500
001 4345
005 20260306145749.0
008 260306t2022||||xx |||||||||||||| ||spa||
041 _aESP
082 _a320.985
_bA38
100 _aAldana Rivera, Susana,
_eAUT
245 0 _aRegiones vivas y activas :
_bnudos y fundamentos del Perú contemporáneo
260 _c2022
300 _a219 páginas :
_c21 cm.
650 _aGEN
654 _aCDE
942 _cLIB
_dJUS
_fJUS
_2ddc
_n
999 _c4345
_d4345